| 000 | 01158cam a2200337 a 4500 | ||
|---|---|---|---|
| 001 | 16274101 | ||
| 003 | OSt | ||
| 005 | 20211105123523.0 | ||
| 008 | 100609s2010 flua b 001 0 eng | ||
| 010 | _a 2010021421 | ||
| 020 | _a9781420087017 (hardcover : alk. paper) | ||
| 038 | _aKhadija | ||
| 040 |
_aDLC _cDLC _dDLC |
||
| 042 | _apcc | ||
| 050 | 0 | 0 |
_aTJ1075 _b.K78 2010 |
| 082 | 0 | 4 |
_a621.89 _222 _bKUD |
| 100 | 1 |
_aKudish, Ilya I. _983680 |
|
| 245 | 1 | 0 |
_aModeling and analytical methods in tribology / _cIlya I. Kudish, Michael J. Covitch. |
| 260 |
_aBoca Raton : _bCRC Press, _cc2010. |
||
| 300 |
_axvii, 910 p. : _bill. ; _c24 cm. |
||
| 490 | 0 | _aCRC series--modern mechanics and mathematics | |
| 504 | _aIncludes bibliographical references and index. | ||
| 563 | _aHardcover | ||
| 650 | 0 |
_aTribology _xMathematics. _983681 |
|
| 650 | 0 |
_aLubrication and lubricants _xMathematical models. _983682 |
|
| 650 | 0 |
_aFriction _xMathematical models. _983683 |
|
| 700 | 1 |
_aCovitch, Michael Judah. _983684 |
|
| 906 |
_a7 _bcbc _corignew _d2 _eocip _f20 _gy-gencatlg |
||
| 942 |
_2ddc _cBK |
||
| 999 |
_c32299 _d32299 |
||